UM Logo

Ethics and the Filipino: (Record no. 1683)

MARC details
000 -LEADER
fixed length control field 00557nam a22001697a 4500
008 - FIXED-LENGTH DATA ELEMENTS--GENERAL INFORMATION
fixed length control field 160412b xxu||||| |||| 00| 0 eng d
020 ## - INTERNATIONAL STANDARD BOOK NUMBER
International Standard Book Number 9710868772
082 ## - DEWEY DECIMAL CLASSIFICATION NUMBER
Edition number 2008
Classification number DFil 170
Item number Ag1
100 ## - MAIN ENTRY--PERSONAL NAME
9 (RLIN) 5317
Personal name Agapay, Ramon B.
245 ## - TITLE STATEMENT
Title Ethics and the Filipino:
Remainder of title A manual on morals for students and educators/
Statement of responsibility, etc. Ramon B. Agapay
250 ## - EDITION STATEMENT
Edition statement Second Edition
260 ## - PUBLICATION, DISTRIBUTION, ETC. (IMPRINT)
Place of publication, distribution, etc. Mandaluyong City:
Name of publisher, distributor, etc. National Book Store,
Date of publication, distribution, etc. c2008.
300 ## - PHYSICAL DESCRIPTION
Extent xiii, 280 pages:
Dimensions 22 cm.
500 ## - GENERAL NOTE
General note Includes appendix and bibliography.
650 #0 - SUBJECT ADDED ENTRY--TOPICAL TERM
9 (RLIN) 5322
Topical term or geographic name as entry element Ethics
942 ## - ADDED ENTRY ELEMENTS (KOHA)
Source of classification or shelving scheme Dewey Decimal Classification
Koha item type Reserve
Holdings
Withdrawn status Lost status Source of classification or shelving scheme Damaged status Not for loan Collection code Home library Current library Shelving location Date acquired Source of acquisition Total Checkouts Total Renewals Full call number Barcode Date last seen Date last checked out Price effective from Koha item type
    Dewey Decimal Classification     Filipiniana UM Digos College - LIC UM Digos College - LIC Book Cart 09/18/2009 Purchased 60 2 DFil 170 Ag1 2008 18181 05/15/2025 11/19/2019 04/12/2016 Filipiniana